Skylanders Giants Catchphrase - Statistics

General Stats
  • This quiz has been taken 10 times
  • The average score is 14 of 16
Answer Stats
Hint Answer % Correct
its crush hour crusher
100%
any last wishes ninjini
100%
Be afraid of the bark Tree rex
100%
deal with the wheel bouncer
90%
I've got my eye on you Eye brawl
90%
see spot burn hotdog
90%
hey I'm on fire hothead
90%
the motion of the potion popfizz
90%
Bring the sting swarm
90%
Hail to the whale thumpback
90%
stay cool chill
80%
Hawk and Awe jet vac
80%
He shoots he spores shroomboom
80%
The fix is in sprocket
80%
Blinded by the light flashwing
70%
Fear the spear freight rider
30%
No matching quizzes found
Score Distribution
Percent of People with Each Score
Percentile by Number Answered
Your Score History
You have not taken this quiz